000 00527nam a2200181 4500
999 _c130799
_d130799
005 20230518103741.0
008 230518b ||||| |||| 00| 0 eng d
020 _a9781496386373
040 _cPK-LaUMT
082 _a616.120754
_bGRO-
245 _aGrossman & Baim's cardiac catheterization, angiography, and intervention /
_cedited by Mauro Moscucucci
250 _a9th ed.
260 _aPhiladelphia :
_bWolters Kluwer,
_c2021
300 _axvi, 1196 p.
650 _aCardiology
650 _aAngiography
942 _cBK